Representations of Algebras and Related Topics
Αποθηκεύτηκε σε:
| Άλλοι συγγραφείς: | , |
|---|---|
| Μορφή: | Βιβλίο |
| Γλώσσα: | English |
| Δημοσίευση: |
Cambridge :
Cambridge University Press,
1992.
|
| Θέματα: | |
| Ετικέτες: |
Προσθήκη ετικέτας
Δεν υπάρχουν, Καταχωρήστε ετικέτα πρώτοι!
|
MARC
| LEADER | 00000cam a2200000 i 4500 | ||
|---|---|---|---|
| 001 | 1/29273 | ||
| 008 | 960625s1992####enk| ||| |||| ||eng|| | ||
| 020 | |a 0521424119 | ||
| 035 | |a 1995 |l 10038279 | ||
| 040 | |a GR-MyUA |b gre |e AACR2 | ||
| 041 | 0 | |a eng | |
| 082 | 0 | |a 512.55 | |
| 245 | 1 | 0 | |a Representations of Algebras and Related Topics / |c Edited by H. Tachikawa, S. Brenner. |
| 260 | |a Cambridge : |b Cambridge University Press, |c 1992. | ||
| 300 | |a 291 σ. ; |c 23 εκ. | ||
| 500 | |a Περιέχει βιβλιογραφικές αναφορές και ευρετήριο. | ||
| 650 | 0 | 0 | |a Representations of algebras. |
| 700 | 1 | |a Tachikawa, Hiroyuki |d 1930- |e edt | |
| 700 | 1 | |a Brenner, S. |q (Sheila) |e edtf | |
| 852 | |a INST |b SAMOS |e 19960625 |h 512.55 REP |p 005300005417 |q 005300005417 |t BK |y 0 | ||
| 909 | |a Σ |b 041373 | ||